Εφαρμοσμένη κλινική ψυχολογία στο χώρο του σχολείου : παρεμβάσεις βασισμένες στις θεωρίες της μάθησης

Αποθηκεύτηκε σε:
Λεπτομέρειες βιβλιογραφικής εγγραφής
Κύριος συγγραφέας: Καλαντζή-Αζίζι, Αναστασία
Μορφή: Βιβλίο
Γλώσσα:Greek
Δημοσίευση: Αθήνα : 1985
Σειρά:Θέματα κλινικής ψυχολογίας ; ; 2
Θέματα:
Ετικέτες: Προσθήκη ετικέτας
Δεν υπάρχουν, Καταχωρήστε ετικέτα πρώτοι!

MARC

LEADER 00000cam a2200000 i 4500
001 1/71500
008 960314s1985 gr | ||| |||| ||gre||
035 |a 1988  |b 2  |c Αγορά/Καϊλα  |l 10030969 
040 |a GR-MY-UA  |b gre  |e aacr 
041 0 |a gre 
082 0 |a 616.89142 
100 1 |a Καλαντζή-Αζίζι, Αναστασία. 
245 1 0 |a Εφαρμοσμένη κλινική ψυχολογία στο χώρο του σχολείου :  |b παρεμβάσεις βασισμένες στις θεωρίες της μάθησης /  |c Αναστασίας Καλαντζή-Αζίζι 
260 |a Αθήνα :   |c 1985 
300 |a 164 σ. 
490 1 |a Θέματα κλινικής ψυχολογίας  |v ; 2 
650 0 0 |a Child psychotherapy. 
650 0 0 |a Behavior therapy. 
830 0 |a Θέματα κλινικής ψυχολογίας ;  |v ; 2 
852 |a INST  |b RHODES  |e 19960314  |h 616.89142 ΚΑΛ  |p 005400002893  |q 005400002893  |t BK  |y 0 
909 |a Ρ  |b 011651  |c 1988